[Event "Trois-Rivieres Mauricie op U2000"]
[Site "Trois Rivieres"]
[Date "2016.03.18"]
[Round "1"]
[White "Morin, Louis"]
[Black "Vezina, Antoine"]
[Result "1-0"]
[WhiteElo "1925"]
[BlackElo "1785"]
[PlyCount "45"]
[EventDate "2016.03.18"]
[EventType "swiss"]
[EventRounds "5"]
[EventCountry "CAN"]
[SourceTitle "EXT 2022"]
[Source "ChessBase"]
[SourceDate "2021.10.06"]
[SourceVersion "1"]
[SourceVersionDate "2021.10.06"]
[SourceQuality "1"]

1. e4 e5 2. Nf3 Nc6 3. Bc4 Nf6 4. Ng5 d5 5. exd5 Na5 6. Bb5+ c6 7. dxc6 bxc6 8. Qf3 Rb8 9. Bxc6+ Nxc6 10. Qxc6+ Bd7 11. Qc4 Qe7 12. Nc3 h6 13. Nge4 Rb4 14. Qe2 Bc6 15. d3 Nxe4 16. dxe4 Qh4 17. a3 Bb5 18. Nxb5 Rxe4 19. Be3 Bc5 20. Nc7+ Kd8 21. Nd5 f5 22. 0-0-0 Bd4 23. Qa6 1-0

[Event "Montmagny op"]
[Site "Montmagny"]
[Date "2009.11.06"]
[Round "1"]
[White "Vezina, Antoine"]
[Black "Hebert, Jean"]
[Result "0-1"]
[WhiteElo "1824"]
[BlackElo "2446"]
[PlyCount "65"]
[EventDate "2009.11.06"]
[EventType "swiss"]
[EventRounds "5"]
[EventCountry "CAN"]
[SourceTitle "EXT 2011"]
[Source "ChessBase"]
[SourceDate "2010.11.26"]
[SourceVersion "1"]
[SourceVersionDate "2010.11.26"]
[SourceQuality "1"]

1. e4 c5 2. Nf3 Nc6 3. g3 g6 4. Bg2 Bg7 5. 0-0 Nf6 6. d3 d5 7. Nbd2 0-0 8. c3 e5 9. a3 d4 10. cxd4 cxd4 11. Nc4 Ne8 12. Nh4 Be6 13. Nd2 Nd6 14. Nb3 Qb6 15. Nd2 Qa6 16. f4 Qxd3 17. Rf3 Qa6 18. f5 Bd7 19. Bf1 b5 20. g4 Rac8 21. Qe1 Nb4 22. Nxg6 fxg6 23. Qh4 Nc2 24. Rh3 h6 25. Nf3 Nf7 26. g5 h5 27. Be2 Nxa1 28. Bd2 Nb3 29. Bb4 Rc1+ 30. Ne1 Rfc8 31. fxg6 Qxg6 32. Bxh5 Qxg5+ 33. Qxg5 0-1